| 000 | 00781nam a2200217 a 4500 | ||
|---|---|---|---|
| 005 | 20240910064137.0 | ||
| 008 | 040924s2003 mx r 000 0 spa d | ||
| 020 | _a9681669924 | ||
| 035 | _aUPN01000134845 | ||
| 049 | _aCG | ||
| 050 | 4 |
_aF1225 R4.9 _bH6.3 |
|
| 100 | 1 |
_aHouvenaghel, Eugenia Helena, _d1972- _939461 |
|
| 245 | 1 | 0 |
_aAlfonso Reyes y la historia de América : _bla argumentación del ensayo histórico : un análisis retórico / _cEugenia Houvenaghel. |
| 260 |
_aMéxico : _bFCE, _c2003. |
||
| 300 | _a232 p. | ||
| 440 | 0 | _aSección de obras de lengua y estudios literarios | |
| 600 | 1 | 7 |
_aReyes, Alfonso, _d1889-1959 _xCrítica e interpretación _2 _923778 |
| 651 | 4 |
_aMéxico _xHistoriografía _91528 |
|
| 651 | 4 |
_aAmérica Latina _xHistoria _92863 |
|
| 905 | _aLibro | ||
| 999 |
_c106996 _d106996 |
||